000 00599nam a2200205 i 4500
001 109562
003 ES-MaACL
005 20230906184852.0
007 t|
008 061121s1970 sp f d |||| | spa d
080 _a791.43(03)
100 1 _aMitry, Jean.
_981708
245 1 0 _aDiccionario del cine /
_cJean Mitry ; adaptación [y traducción] de Ángel Falquina.
250 _a1ª ed.
260 _aBarcelona :
_bPlaza y Janés,
_c1970.
300 _a339 p., 18 lám. ;
_c18 cm.
650 4 _aCine-
_vDiccionarios.
_911021
700 1 _aFalquina, Angel.
_948777
852 _aES-MaACL
_jC-49215
999 _c109562
_d109562